Statistics for Country and Capital Neighbour Connect with Disappearing World Map: Westernmost

Click here to take the quiz!

General Stats

  • This quiz has been taken 169 times
  • The average score is 254 of 392

Answers on the Map

Answers color-coded by a green-red scale on the quiz's map according to % correct below.
Loading ...
 

Answer Stats

HintHintCountry/Capital% Correct
153129United States
100%
151182Mexico
97%
151182Mexico City
96%
177.4210Guatemala
94%
177.4210Guatemala City
94%
192228Costa Rica
93%
180.4215El Salvador
93%
184.5210.7Honduras
93%
188.2218.1Managua
93%
188.2218.1Nicaragua
93%
192228San José
93%
180.4215San Salvador
93%
184.5210.7Tegucigalpa
93%
234373Argentina
92%
248.9339.7Asunción
92%
216.3247.5Bogotá
92%
236319Bolivia
92%
266294Brasília
92%
266294Brazil
92%
234373Buenos Aires
92%
232235Caracas
92%
218384Chile
92%
216.3247.5Colombia
92%
204265.5Ecuador
92%
248242Georgetown
92%
248242Guyana
92%
236319La Paz
92%
208292Lima
92%
254.9370.2Montevideo
92%
198232.5Panama
92%
198232.5Panama City
92%
248.9339.7Paraguay
92%
254.4248.1Paramaribo
92%
208292Peru
92%
204265.5Quito
92%
218384Santiago
92%
254.4248.1Suriname
92%
254.9370.2Uruguay
92%
232235Venezuela
92%
386105Paris
81%
347212Dakar
79%
344216Gambia
79%
361.7127.6Lisbon
79%
372127.5Madrid
79%
361.7127.6Portugal
79%
366153.5Rabat
79%
347212Senegal
79%
372127.5Spain
79%
344216Banjul
78%
347.7220.3Bissau
78%
347.7220.3Guinea-Bissau
78%
354195.5Nouakchott
78%
398230.8Abuja
76%
378.2234.5Accra
76%
384.2167.2Algeria
76%
384.2167.2Algiers
76%
420301.2Angola
76%
377202.2Bamako
76%
385.7225Benin
76%
435336.1Botswana
76%
416.9260.5Brazzaville
76%
377219Burkina Faso
76%
407247Cameroon
76%
353.3224.2Conakry
76%
368235.9Cote d'Ivoire
76%
404255.8Equatorial Guinea
76%
354232.9Freetown
76%
406.5264Gabon
76%
435336.1Gaborone
76%
378.2234.5Ghana
76%
353.3224.2Guinea
76%
433267.2Kinshasa
76%
359.2239.6Liberia
76%
406.5264Libreville
76%
383232.4Lomé
76%
420301.2Luanda
76%
404255.8Malabo
76%
377202.2Mali
76%
354195.5Mauritania
76%
359.2239.6Monrovia
76%
366153.5Morocco
76%
418328Namibia
76%
422.6209.4N'Djamena
76%
403.3203.9Niamey
76%
403.3203.9Niger
76%
398230.8Nigeria
76%
377219Ouagadougou
76%
385.7225Porto-Novo
76%
416.9260.5Republic of the Congo
76%
354232.9Sierra Leone
76%
431365South Africa
76%
383232.4Togo
76%
419.3172.9Tripoli
76%
401148Tunis
76%
401148Tunisia
76%
418328Windhoek
76%
368235.9Yamoussoukro
76%
407247Yaoundé
76%
438310Zambia
76%
470234.2Addis Ababa
75%
460.3130.6Ankara
75%
427.6239Bangui
75%
461.7146.8Beirut
75%
447.8272.6Bujumbura
75%
447.8272.6Burundi
75%
447171.3Cairo
75%
427.6239Central African Republic
75%
422.6209.4Chad
75%
467143Damascus
75%
433267.2Democratic Republic of the Congo
75%
459.1282.5Dodoma
75%
447171.3Egypt
75%
430129Greece
75%
447325Harare
75%
459157Israel
75%
459157Jerusalem
75%
449.6239.5Juba
75%
453.1256.6Kampala
75%
465.8259.9Kenya
75%
448.5209.5Khartoum
75%
447.8267.7Kigali
75%
461.7146.8Lebanon
75%
444360.5Lesotho
75%
419.3172.9Libya
75%
456307Lilongwe
75%
438310Lusaka
75%
456307Malawi
75%
467309.5Maputo
75%
444360.5Maseru
75%
451.3350.1Mbabane
75%
467309.5Mozambique
75%
465.8259.9Nairobi
75%
431365Pretoria
75%
447.8267.7Rwanda
75%
449.6239.5South Sudan
75%
448.5209.5Sudan
75%
451.3350.1Swaziland
75%
459.1282.5Tanzania
75%
453.1256.6Uganda
75%
447325Zimbabwe
75%
425.5124Albania
74%
39386.9Amsterdam
74%
384118.7Andorra
74%
384118.7Andorra la Vella
74%
414.2100.9Austria
74%
39191Belgium
74%
427.6113Belgrade
74%
40489.9Berlin
74%
398.4103.5Bern
74%
421113Bosnia and Herzegovina
74%
42398Bratislava
74%
39191Brussels
74%
424.4103.1Budapest
74%
418108Croatia
74%
41493.8Czech Republic
74%
386105France
74%
40489.9Germany
74%
424.4103.1Hungary
74%
416.4124.2Italy
74%
427.5118.5Kosovo
74%
402103.1Liechtenstein
74%
434.376.3Lithuania
74%
413106.5Ljubljana
74%
394.394.2Luxembourg
74%
394.394.2Luxembourg (cap)
74%
423.7117.8Montenegro
74%
39386.9Netherlands
74%
423.7117.8Podgorica
74%
423.687.1Poland
74%
41493.8Prague
74%
43870.6Riga
74%
416.4124.2Rome
74%
408.5113.9San Marino
74%
408.5113.9San Marino (cap)
74%
421113Sarajevo
74%
42398Slovakia
74%
413106.5Slovenia
74%
398.4103.5Switzerland
74%
43964.8Tallinn
74%
425.5124Tirana
74%
402103.1Vaduz
74%
408.5120.7Vatican City
74%
408.5120.7Vatican City (cap)
74%
414.2100.9Vienna
74%
423.687.1Warsaw
74%
418108Zagreb
74%
43870.6Latvia
71%
443.481.2Belarus
69%
450.696Kiev
69%
443.481.2Minsk
69%
436.7107.1Romania
69%
427.6113Serbia
69%
434.376.3Vilnius
69%
462.3158.9Amman
68%
430129Athens
68%
436.7107.1Bucharest
68%
437.8117.9Bulgaria
68%
444.4102Chișinău
68%
43964.8Estonia
68%
43752Finland
68%
479120Georgia
68%
43752Helsinki
68%
462.3158.9Jordan
68%
429.5121.7Macedonia
68%
444.4102Moldova
68%
57752Moscow
68%
401.757Norway
68%
401.757Oslo
68%
427.5118.5Pristina
68%
57752Russia
68%
429.5121.7Skopje
68%
437.8117.9Sofia
68%
414.360.5Stockholm
68%
414.360.5Sweden
68%
467143Syria
68%
460.3130.6Turkey
68%
450.696Ukraine
68%
502182.5Abu Dhabi
67%
478.8149.9Baghdad
67%
495.7176.2Doha
67%
478.8149.9Iraq
67%
487162.9Kuwait
67%
487162.9Kuwait City
67%
509.33187.2Muscat
67%
509.33187.2Oman
67%
495.7176.2Qatar
67%
482.1179.9Riyadh
67%
488.3208.2Sana'a
67%
482.1179.9Saudi Arabia
67%
502182.5United Arab Emirates
67%
488.3208.2Yemen
67%
480.5125Armenia
65%
487.6125Azerbaijan
65%
487.6125Baku
65%
479120Tbilisi
65%
501.3152.5Tehran
65%
480.5125Yerevan
65%
528149.2Afghanistan
64%
513130.6Ashgabat
64%
545.2133.5Dushanbe
64%
501.3152.5Iran
64%
513130.6Turkmenistan
64%
525122.5Uzbekistan
64%
533100Astana
63%
548122Bishkek
63%
528149.2Kabul
63%
533100Kazakhstan
63%
525122.5Tashkent
63%
615140.9China
61%
556185.9India
61%
535.7164.2Islamabad
61%
548122Kyrgyzstan
61%
556185.9New Delhi
61%
535.7164.2Pakistan
61%
545.2133.5Tajikistan
61%
569.8166.5Kathmandu
60%
569.8166.5Nepal
60%
608207.9Bangkok
58%
583181.8Bangladesh
58%
615140.9Beijing
58%
584.1169.4Bhutan
58%
583181.8Dhaka
58%
597188.5Myanmar
58%
597188.5Naypyidaw
58%
608207.9Thailand
58%
584.1169.4Thimphu
58%
638.6246.1Bandar Seri Begawan
57%
638.6246.1Brunei
57%
664.3290.8Dili
57%
664.3290.8East Timor
57%
635.5264Indonesia
57%
635.5264Jakarta
57%
610.3247.2Kuala Lumpur
57%
610.3247.2Malaysia
57%
616219.1Cambodia
56%
624.3219.9Hanoi
56%
610.3194.9Laos
56%
703.7282.4Papua New Guinea
56%
616219.1Phnom Penh
56%
703.7282.4Port Moresby
56%
610.3194.9Vientiane
56%
624.3219.9Vietnam
56%
614.2104.1Mongolia
54%
614.2104.1Ulaanbaatar
54%
665.7127North Korea
53%
665.7127Pyongyang
53%
669139Seoul
53%
669139South Korea
53%
401.573.5Copenhagen
50%
401.573.5Denmark
50%
36382.5Dublin
50%
36382.5Ireland
50%
37786London
50%
37786United Kingdom
50%
466.3209.2Asmara
49%
476.4221.6Djibouti
49%
476.4221.6Djibouti (cap)
49%
466.3209.2Eritrea
49%
470234.2Ethiopia
49%
488230Mogadishu
49%
488230Somalia
49%
14366Canada
47%
14366Ottawa
47%
153129Washington D.C.
47%
180.9203.6Belize
46%
180.9203.6Belmopan
46%
206190.2Cuba
46%
206190.2Havana
46%
397.2114.5Monaco
46%
397.2114.5Monaco (cap)
46%
206200.2Jamaica
44%
206200.2Kingston
44%
209180.9Bahamas
43%
239.4203.4Basseterre
43%
221197Dominican Republic
43%
218196Haiti
43%
209180.9Nassau
43%
218196Port-au-Prince
43%
239.4203.4Saint Kitts and Nevis
43%
221197Santo Domingo
43%
486324.3Antananarivo
42%
241.4204Antigua and Barbuda
42%
494.3174Bahrain
42%
246.5217Barbados
42%
246.5217Bridgetown
42%
326.7206.9Cape Verde
42%
479.4301.4Comoros
42%
455.3143.7Cyprus
42%
241.6220.6Grenada
42%
486324.3Madagascar
42%
545.9248.9Maldives
42%
545.9248.9Malé
42%
412.9141.1Malta
42%
494.3174Manama
42%
510.1329.1Mauritius
42%
479.4301.4Moroni
42%
455.3143.7Nicosia
42%
510.1329.1Port Louis
42%
242.5226.6Port-of-Spain
42%
326.7206.9Praia
42%
242.4209.5Roseau
42%
241.6220.6Saint George's
42%
241.4204Saint John's
42%
395.5260.6São Tomé
42%
395.5260.6São Tomé and Príncipe
42%
505.5277Seychelles
42%
562235.3Sri Jayawardenepura Kotte
42%
242.5226.6Trinidad and Tobago
42%
412.9141.1Valletta
42%
505.5277Victoria
42%
242.4209.5Dominica
40%
34143Iceland
40%
657220.6Manila
40%
657220.6Philippines
40%
34143Reykjavík
40%
614.2256.7Singapore
40%
614.2256.7Singapore (cap)
40%
562235.3Sri Lanka
40%
652.9182.1Taipei
40%
652.9182.1Taiwan
40%
683342Australia
39%
683342Canberra
39%
242.7216.8Kingstown
39%
680.5241.3Palau
39%
243.2214.6Saint Lucia
39%
242.7216.8Saint Vincent and the Grenadines
39%
243.2214.6Castries
38%
717.7235.2Federated States of Micronesia
38%
693.3140Japan
38%
760.6232.2Majuro
38%
760.6232.2Marshall Islands
38%
756.2263.4Nauru
38%
680.5241.3Ngerulmud
38%
755.5318.6Port Vila
38%
742.1295Solomon Islands
38%
693.3140Tokyo
38%
755.5318.6Vanuatu
38%
756.2263.4Yaren
38%
742.1295Honiara
36%
776.7391.9New Zealand
36%
717.7235.2Palikir
36%
782.9320.1Fiji
35%
21272Kiribati
35%
782.9320.1Suva
35%
804.5282.8Tuvalu
35%
776.7391.9Wellington
35%
802.8307.7Apia
33%
798.1328.7Nukuʻalofa
33%
802.8307.7Samoa
33%
21272South Tarawa
33%
798.1328.7Tonga
33%
804.5282.8Funafuti
32%

Score Distribution

Percentile by Number Answered

Percent of People with Each Score

Your Score History

You have not taken this quiz